书目信息 |
| 题名: |
遗传算法的数学基础
|
|
| 作者: | 张文 , 梁怡 编著 | |
| 分册: | ||
| 出版信息: | 西安 西安交通大学出版社 2000.05 |
|
| 页数: | 214页 | |
| 开本: | 32开 | |
| 丛书名: | ||
| 单 册: | ||
| 中图分类: | O242.23 | |
| 科图分类: | ||
| 主题词: | 遗传算法--数学基础 | |
| 电子资源: | ||
| ISBN: | 7-5605-1256-9 | |
| 000 | 00609nam0 2200205 45 | |
| 001 | 0110090941 | |
| 005 | 20031219104058.2 | |
| 010 | @a7-5605-1256-9@dCNY12.00 | |
| 100 | @a20011009d2000 km y0chiy0120 ea | |
| 101 | 0 | @achi |
| 105 | @a z 000yy | |
| 200 | 1 | @a遗传算法的数学基础@AYi Chuan Suan Fa De Shu Xue Ji Chu@f张文,梁怡编著@FZhang Wen,Liang Yi Bian Zhu |
| 210 | @a西安@c西安交通大学出版社@d2000.05 | |
| 215 | @a214页@d32开 | |
| 606 | 0 | @a遗传算法@x数学基础 |
| 690 | @aO242.23@v4 | |
| 701 | @a张文@4编著 | |
| 701 | 0 | @a梁怡@4编著 |
| 801 | @aCN@bTSTC@c20011009 | |
| 905 | @b315267-276@dO242.23@e14@f10 | |
| 遗传算法的数学基础/张文,梁怡编著.-西安:西安交通大学出版社,2000.05 |
| 214页;32开 |
| ISBN 7-5605-1256-9:CNY12.00 |
| ● |
| 相关链接 |
|
|
|
|
正题名:遗传算法的数学基础
索取号:O242.23/14
 
预约/预借
| 序号 | 登录号 | 条形码 | 馆藏地/架位号 | 状态 | 备注 |
| 1 | 0315267 | 203152676 | 第三借阅区/ [索取号:O242.23/14] | 在馆 | |
| 2 | 0315268 | 203152685 | 第三借阅区/ [索取号:O242.23/14] | 在馆 | |
| 3 | 0315269 | 203152694 | 第三借阅区/ [索取号:O242.23/14] | 在馆 | |
| 4 | 0315270 | 203152701 | 第三借阅区/ [索取号:O242.23/14] | 在馆 | |
| 5 | 0315271 | 203152710 | 第三借阅区/ [索取号:O242.23/14] | 在馆 | |
| 6 | 0315272 | 203152729 | 第三借阅区/ [索取号:O242.23/14] | 在馆 | |
| 7 | 0315273 | 203152738 | 第三借阅区/ [索取号:O242.23/14] | 在馆 | |
| 8 | 0315274 | 203152747 | 第三借阅区/ [索取号:O242.23/14] | 在馆 | |
| 9 | 0315275 | 203152756 | 第三借阅区/ [索取号:O242.23/14] | 在馆 | |
| 10 | 0315276 | 203152765 | 第二样本阅览室/ [索取号:O242.23/14] | 在馆 |